000 00311nam a22001337a 4500
008 170929b xxu||||| |||| 00| 0 eng d
020 _a0452254086
041 _aeng
080 _a37
100 _a47
101 _aEDU
245 _aHOW TO HELP CHILDREN WITH COMMON PROBLEMS
_cSCHAEFER,CH,.E
942 _2udc
_cBK
999 _c30839
_d30839